000 00309nam a22001213i 4500
020 _a9789996385230
040 _cDLC
082 _aTRI TRA 2016 C112 Or.
245 0 0 _aSaddanukram dharanividya nai camnat thnak ti sakal /
300 _a498 pages
520 _aGlossary of land classification.
942 _cAEDBB
999 _c21532
_d21532